| 000 | 00622npc a2200217Ia 4500 | ||
|---|---|---|---|
| 001 | dp4/8-27929 [d000003262] | ||
| 003 | IT-MiCISF | ||
| 005 | 20260324122452.0 | ||
| 008 | 161014s9999||||xx | und|| | ||
| 040 |
_aIT-MiCISF _cIT-MiCISF |
||
| 041 | _ait | ||
| 100 |
_aCĂ© Marco _963607 |
||
| 245 | 0 |
_aAvrete forza dallo Spirito Santo. _bEsercizi spirituali per gli sposi |
|
| 260 |
_aVenezia, _bPatriarcato di Venezia, _c1998 |
||
| 300 | _app. 62 | ||
| 500 | _a / pastorale-familiare, spiritualitĂ -coniugale / | ||
| 650 | _apastorale-familiare | ||
| 654 | _asussidio | ||
| 942 |
_cDD _2ddc |
||
| 999 |
_c206702 _d206702 |
||
| 999 | _bsi | ||